En quelle année sont sorties ces musique ? (Rap Fr) Niveau Facile - Statistiques

Statistiques générales
  • Ce quiz a été pris 1 015 fois
  • Le résultat moyen est 12 sur 15
Statistiques - réponses
Titre Année % Correct
Jul - Avant la douane 2016
94%
100 Blaze - BINKS feat. Koba LaD 2019
90%
Lorenzo - Freestyle Du Sale 2016
87%
DTF - Comme tu veux 2016
86%
RK - #B3 2017
85%
Maes - Mama 2018
84%
ISK - Vérité 3 2021
81%
DA Uzi - Soirées des cités 2020
78%
Ninho - Malcolm 2017
73%
Lacrim - Sablier 2015
70%
PNL - DA 2016
69%
Soolking - Rockstar
2019
67%
93 Empire - Woah (Sofiane, Vald, Soolking, Sadek, Mac Tyer, Heuss L’enfoiré, Kalash Criminel) 2018
64%
Damso - N. J Respect R 2017
63%
Zkr - Freestyle 5 min #8 2020
62%
Aucun quiz correspondant
Distribution des résultats
% des personnes avec chaque résultat
Percentile par nombre de réponses
Votre historique - résultats
Vous n’avez pas pris ce quiz